All Zuma Map Names - Statistics

General Stats
  • This quiz has been taken 14 times
  • The average score is 12 of 21
Answer Stats
Level Name % Correct
2-2 Mud Slide
100%
2-5 Snake Pit
100%
2-1 When Spirals Attack
100%
1-5 Dark Vortex
67%
3-1 Landing Pad
67%
1-7 Long Range
67%
3-5 Mirror Serpent
67%
2-6 Sand Garden
67%
3-4 Shrine of Quetzalcoatl
67%
1-1 Spiral of Doom
67%
3-6 Sun Stone
67%
3-7 Zumaic Exodus
67%
3-2 Altar of Tlaloc
33%
1-4 Breath of Ehecatl
33%
3-3 Codex of Mixtec
33%
2-7 Lair of the Mud Snake
33%
2-4 Mouth of Centeotl
33%
1-2 Osprey Talon
33%
1-3 Riverbed Mosaic
33%
2-3 Rorschach
33%
1-6 Switchback
33%
No matching quizzes found
Score Distribution
Percent of People with Each Score
Percentile by Number Answered
Your Score History
You have not taken this quiz